000
00391nam a22001697a 4500
003
MPLRDC
005
20220104143134.0
008
210129b ||||| |||| 00| 0 eng d
082
_a
848.3 YS-7
100
_a
亦舒著
245
_a
黑白讲
_c
250
_a
初版
260
_a
_b
天地图书有限公司
_c
1983
300
_b
平
650
_a
现代别集
942
_c
BK
_o
848.3 YS-7
999
_c
37008
_d
36998